书目信息 |
| 题名: |
数学的艺术
|
|
| 作者: | 欧阳绛 著 | |
| 分册: | ||
| 出版信息: | 北京 农村读物出版社 1997 |
|
| 页数: | 256页 | |
| 开本: | 19cm | |
| 丛书名: | ||
| 单 册: | ||
| 中图分类: | O1-49 , O1-0 | |
| 科图分类: | ||
| 主题词: | 数学--普及读物 , 数学理论 | |
| 电子资源: | ||
| ISBN: | 7-5048-2777-0 | |
| 000 | 00625nam0 2200241 45 | |
| 001 | 0198009775 | |
| 005 | 20040524081825.7 | |
| 010 | @a7-5048-2777-0@dCNY12.50 | |
| 100 | @a19980216d1997 em y0chiy0121 ea | |
| 101 | 0 | @achi |
| 102 | @aCN@b110000 | |
| 105 | @af z 000yy | |
| 106 | @ar | |
| 200 | 10 | @a数学的艺术@Ashu xue de yi shu@f欧阳绛著 |
| 210 | @a北京@c农村读物出版社@d1997 | |
| 215 | @a256页@c插图@d19cm | |
| 606 | @a数学@x普及读物 | |
| 606 | 0 | @a数学理论 |
| 690 | @aO1-49@v3 | |
| 690 | @aO1-0 | |
| 701 | 0 | @a欧阳绛@Aou yang jiang@4著 |
| 801 | 0 | @aCN@bNLC@c19980304 |
| 905 | @f1@b281266@f1@b281268@dO1-0@e183 | |
| 数学的艺术/欧阳绛著.-北京:农村读物出版社,1997 |
| 256页:插图;19cm |
| ISBN 7-5048-2777-0:CNY12.50 |
| ● |
| 相关链接 |
|
|
|
|
正题名:数学的艺术
索取号:O1-0/183
 
预约/预借
| 序号 | 登录号 | 条形码 | 馆藏地/架位号 | 状态 | 备注 |
| 1 | 0281266 | 002812665 | 第三借阅区/ [索取号:O1-0/183] | 在馆 | |
| 2 | 0281268 | 002812683 | 第三借阅区/ [索取号:O1-0/183] | 在馆 | |
| 3 | 0281270 | 002812709 | 第二样本阅览室/ [索取号:O1-0/183] | 在馆 |